مكتبة جامعة عجلون الوطنية

فهرس بحث المكتبة

Normal view MARC view
  • تغذية الحيوان-فسيولوجيا التغذية-تربية الطيور الداجنة-رعاية الحيوان

Entry Topical Term

Number of records used in: 1

001 - CONTROL NUMBER

  • control field: 64404

003 - CONTROL NUMBER IDENTIFIER

  • control field: JO-AjAnu

005 - DATE AND TIME OF LATEST TRANSACTION

  • control field: 20230606084516.0

008 - FIXED-LENGTH DATA ELEMENTS

  • fixed length control field: 230606|| aca||aabn | a|a d

040 ## - CATALOGING SOURCE

  • Original cataloging agency: JO-AjAnu
  • Transcribing agency: JO-AjAnu

150 ## - HEADING--TOPICAL TERM

  • Topical term or geographic name entry element: تغذية الحيوان-فسيولوجيا التغذية-تربية الطيور الداجنة-رعاية الحيوان

670 ## - SOURCE DATA FOUND

  • Source citation: Work cat.: (JO-AjAnu)32835: الكسار، علي محمود , author 64403, تغذية الدواجن